Análisis del secado, el equilibrio higroscópico y la torrefacción de los granos de cacao (Theobroma cacao)
Gespeichert in:
| 1. Verfasser: | |
|---|---|
| Weitere Verfasser: | |
| Format: | Buch |
| Sprache: | Spanish |
| Veröffentlicht: |
San José, Costa Rica
2019
|
| Schlagworte: | |
| Tags: |
Tag hinzufügen
Keine Tags, Fügen Sie den ersten Tag hinzu!
|
MARC
| LEADER | 00000nam a22000007a 4500 | ||
|---|---|---|---|
| 003 | 013118 | ||
| 005 | 20230505132455.0 | ||
| 008 | 190904b2019 cr a|||| |m|| 00| ||spa d | ||
| 040 | |c cru CEDI | ||
| 100 | |9 495 |a Vargas Fernández, Rebeca, 1992- | ||
| 245 | |a Análisis del secado, el equilibrio higroscópico y la torrefacción de los granos de cacao (Theobroma cacao) | ||
| 260 | |a San José, Costa Rica |c 2019 | ||
| 500 | |a Tesis (licenciatura en ingeniería agrícola y biosistemas)--Universidad de Costa Rica. Facultad de Ingeniería. Escuela de Ingeniería de Biosistemas | ||
| 501 | |a Director de Proyecto de Graduación: Ing. Guillermo Vargas Elías, D. Sc. | ||
| 650 | |x TORREFACCION DEL CACAO |x CACAO - SECADO |x CACAO - CULTIVO - COSTA RICA | ||
| 700 | |9 291 |a Vargas Elías, Guillermo Asdrúbal, 1970- |d Director del TFG | ||
| 942 | |c CEDI |h TFG 8268 |6 TFG_8268_000000000000000 | ||
| 999 | |c 21785 |d 21785 | ||
